00257nam a2200121Ia 45000030006000000080041000060400015000471000012000622450023000742600009000975460012001060050017001180STCL150530s9999 xx 000 0 und d aSTCLcSTCL aDouglas aCharacter of prose c1959 aEnglish20220125170901.0